Statistics for Censorship Around the World

Click here to take the quiz!

General Stats

  • This quiz has been taken 805 times
    (787 since last reset)
  • The average score is 4 of 15

Answer Stats

CountryHintAnswer% Correct
USAFor the television broadcast, a famous line from this movie is changed to, "I've had it with these monkey fighting snakes on this Monday-to-Friday plane!"Snakes on a Plane
93%
USAIn order to secure a PG-13 rating from the MPAA, an iconic line in this movie is modified to "yippee ki yay mother (gunshot)"Live Free or Die Hard
58%
EgyptThis film about a man who becomes God for a few days was banned completely on the grounds that it was blasphemous.Bruce Almighty
44%
United Arab EmiratesIn this film two racist central Asian men are terrified when they discover their hosts are Jewish. All references to Jews are edited out and the word "Jew" is bleeped.Borat
30%
BahrainA bounty hunter and his companion talk with a plantation owner in his home. In the background there is a statue of two men wrestling in the nude. For the Bahraini edit, the background is replaced with a large indistinct blur.Django Unchained
25%
Saudi ArabiaThough the practice of blurring or pixelating women or people is actually commonplace here, it made headlines when it came out that this large furniture store chain had "photoshopped" out women completely from images in their catalogues. The company lied and said that it was done in error.IKEA catalog
22%
United KingdomThis American satirical news TV show had an episode pulled from UK rebroadcast because it showed footage of Parliament. In response, the show created outrageously ridiculous animated segments of Parliament and the Royal wedding (animation apparently being okay)The Daily Show with Jon Stewart
20%
USAIn the original cut Marla Singer tells her lover "I want to have your abortion." The MPAA told the producers to change it to anything else. The film was re-edited at the last minute to something perhaps even more offensive.Fight Club
19%
VietnamWill Farrell's rendition of "My Humps" sung while on a treadmill is excised from this film, along with many scenes of comic homoeroticism.Blades of Glory
15%
ChinaMany scenes featuring Chow Yun Fat's character Captain Sao Feng were cut from this film, reducing his total on-screen time by about half.Pirates of the Caribbean: At World's End
11%
USAOn this American-based website, extremely rude, prejudiced, and offensive comments are posted routinely and sometimes left uncensored, while comments from other users correcting the prejudicial remarks are frequently deleted.JetPunk
9%
BahrainIn this film's opening scene a convict on a chain gang sings "No God, above, and Hell alone below." The line and others are removed entirely from the movie.Les Miserables
9%
Saudi ArabiaSeveral scenes of Jessica Alba swimming underwater in a bikini, presumably the entire reason this film exists at all, were cut.Into the Blue
8%
Saudi ArabiaPresumably because being raised by a woman is the worst thing imaginable in this culture, the one word that always gets censored here condemns a character in this film to be referred to simply as "Fat _______"Austin Powers: The Spy Who Shagged Me
6%
Saudi ArabiaIn this film scenes of drug use, murder, a hooker getting chopped into little pieces at a bachelor party and people uttering every obscenity imaginable were left in tact, while Kobe Tai's boobies were cut out.Very Bad Things
5%

Score Distribution

Percentile by Number Answered

Percent of People with Each Score

Your Score History

You have not taken this quiz since the last reset